LEADER 01243cam a2200289 i 4500 001 991003610259707536 008 180911s2007 de a b 001 0 eng d 020 $a9783540695158 035 $ab14359674-39ule_inst 040 $aBibl. Dip.le Aggr. Ingegneria Innovazione - Sez. Ingegneria Innovazione$beng 082 0 $a658.53$222 100 1 $aBrucker, Peter$0472547 245 10$aScheduling algorithms /$cPeter Brucker 250 $a5th ed. 260 $aBerlin ;$aNew York :$bSpringer,$cc2007 300 $axii, 371 p. :$bill. ;$c25 cm 504 $aIncludes bibliographical references and index 650 0$aComputer capacity$xPlanning 650 0$aProduction scheduling 650 0$aComputer algorithms 907 $a.b14359674$b27-02-19$c21-02-19 912 $a991003610259707536 945 $aLE026 658.53 D BRU 01.01 C.1 2007$cC.1$g1$i2026000073972$lle026$nProf. Grieco / Biblioteca$op$pE115.00$q-$rn$s- $t1$u0$v0$w0$x0$y.i15879239$z21-02-19 945 $aLE026 658.53 D BRU 01.01 C.2 2007$cC.2$g1$i2026000073965$lle026$nProf. Grieco / Biblioteca$op$pE115.00$q-$rn$so $t4$u1$v0$w1$x0$y.i15879240$z21-02-19 996 $aScheduling algorithms$9225593 997 $aUNISALENTO 998 $ale026$b11-09-18$cm$da $e-$feng$gde $h0$i0 LEADER 01085nas 2200397 c 450 001 9910892071703321 005 20260218110913.0 024 8 $aKir5927 024 8 $aVD18 90289935 035 $a(DE-599)ZDB3099257-6 035 $a(OCoLC)1311151087 035 $a(DE-101)1244796115 035 $a(CKB)5580000000297102 035 $a(DE-599)3099257-6 035 $a(EXLCZ)995580000000297102 100 $a20211101b17971799 |y | 101 0 $ager 135 $aur||||||||||| 181 $ctxt$2rdacontent 182 $cc$2rdamedia 183 $acr$2rdacarrier 200 00$aNeuer niedersa?chsischer Merkur 210 31$aMainz$cVollmer$d1797-1799 210 1$aUpsala$cErichson 300 $aReproduktion 517 3 $aDeutsche Zeitschriften des 18. und 19. Jahrhunderts / Neuer niedersa?chsischer Merkur 608 $aZeitschrift$2gnd-content 676 $a830 676 $a900 801 0$b0011 801 1$bDE-101 801 2$b9999 906 $aJOURNAL 912 $a9910892071703321 996 $aNeuer niedersächsischer Merkur$94260731 997 $aUNINA